Populačná dynamika komunikačných technológií
Modelovanie evolúčnej dynamiky dvoch základných technológií hlasovej služby. Model je založený na dlhodobých časových radoch, ktoré v prípade pevných liniek umožnia sledovať vývoj tejto technológie v Českej republike a Slovenskej republike počas takmer šiestich desaťročí (1948-2006).
Salvato in:
| Autore principale: | |
|---|---|
| Natura: | Capitolo di libro |
| Lingua: | slovacco |
| Soggetti: | |
| Tags: |
Nessun Tag, puoi essere il primo ad aggiungerne!!
|
MARC
| LEADER | 00000naa$a2200000$$$4500 | ||
|---|---|---|---|
| 001 | 0075718 | ||
| 005 | 20231102111742.1 | ||
| 041 | 0 | |a slo | |
| 044 | |a SK | ||
| 245 | 1 | 0 | |a Populačná dynamika komunikačných technológií |c Vladimír Baláž |
| 520 | |a Modelovanie evolúčnej dynamiky dvoch základných technológií hlasovej služby. Model je založený na dlhodobých časových radoch, ktoré v prípade pevných liniek umožnia sledovať vývoj tejto technológie v Českej republike a Slovenskej republike počas takmer šiestich desaťročí (1948-2006). | ||
| 610 | 2 | 0 | |a technológie informačné |
| 610 | 2 | 0 | |a technológie komunikačné |
| 610 | 2 | 0 | |a populácia |
| 610 | 2 | 0 | |a telefón mobilný |
| 610 | 2 | 0 | |a komunikácia |
| 610 | 2 | 0 | |a Česko |
| 610 | 2 | 0 | |a Slovensko |
| 610 | 2 | 0 | |a rady časové |
| 100 | 1 | |a Baláž, Vladimír | |